000 00539nam a2200181Ia 4500
008 240925s9999 xx 000 0 und d
020 _a24216658
082 _a006.3 TUR
100 _aTurban, Efraim
245 0 _aExpert Systems and Applied Artificial Intelligence
250 _aNA
260 _aNew York:
_bMacmillian Publishing Co
_c,1992.
300 _axxii,804p.
_bNA
_fInternational Edition
500 _aIncludes Index
600 _aEngineering Technology
650 _aComputer science, information & general works
942 _cBK
999 _c8090
_d8090